Back to basics English / (Record no. 102796)
[ view plain ]
| 000 -LEADER | |
|---|---|
| fixed length control field | 00696nam a2200193 a 4500 |
| 005 - DATE AND TIME OF LATEST TRANSACTION | |
| control field | 20140412111242.0 |
| 008 - FIXED-LENGTH DATA ELEMENTS--GENERAL INFORMATION | |
| fixed length control field | 020409s19uu xx 00 eng d |
| 020 ## - INTERNATIONAL STANDARD BOOK NUMBER | |
| International Standard Book Number | 1-85758-068-0 |
| 050 ## - LIBRARY OF CONGRESS CALL NUMBER | |
| Classification number | TR(GS 428 |
| Item number | K32 1992 |
| 100 ## - MAIN ENTRY--PERSONAL NAME | |
| Personal name | Lane, Sheila |
| 245 ## - TITLE STATEMENT | |
| Title | Back to basics English / |
| Statement of responsibility, etc | Shiela Lane and Marian Kemp. |
| 260 ## - PUBLICATION, DISTRIBUTION, ETC. (IMPRINT) | |
| Place of publication, distribution, etc | London : |
| Name of publisher, distributor, etc | Letts Educational, |
| Date of publication, distribution, etc | 1992. |
| 300 ## - PHYSICAL DESCRIPTION | |
| Extent | 32 p. ; ill. |
| 440 ## - SERIES STATEMENT/ADDED ENTRY--TITLE | |
| Title | Letts English, age 6-7 years olds, bk. 1 |
| 520 ## - SUMMARY, ETC. | |
| Summary, etc | the back to basics series will help children practice those basic and essential skills which are at the heart of the National Curriculum. |
| 650 ## - SUBJECT ADDED ENTRY--TOPICAL TERM | |
| Topical term or geographic name as entry element | English |
| General subdivision | Juvenile literature |
| 650 ## - SUBJECT ADDED ENTRY--TOPICAL TERM | |
| Topical term or geographic name as entry element | English |
| General subdivision | basics |
| Withdrawn status | Lost status | Damaged status | Use restrictions | Home library | Current library | Shelving location | Date acquired | Source of acquisition | Cost, normal purchase price | Total Checkouts | Full call number | Barcode | Date last seen | Price effective from | Koha item type |
|---|---|---|---|---|---|---|---|---|---|---|---|---|---|---|---|
| Elizalde Library | Elizalde Library | Teachers Reference Section | 04/09/2002 | 175.00 | TR(GS 428 K32 1992 | E2764 | 04/12/2014 | 04/12/2014 | Books |